000
00332nam a2200145Ia 4500
005
20251222141917.0
008
251222s9999||||xx |||||||||||||| ||spa||
020
_a
84-293-0896-2
082
_a
263.6/M41
100
_a
De Mello, Anthony
245
0
_a
Contacto con Dios:
250
_a
5a.ed.
264
_b
Sal Terrae
942
_c
LIB
999
_c
8584
_d
8584